The Benjamin Harrison Presidency - Statistics

General Stats
  • This quiz has been taken 364 times
  • The average score is 14 of 20
Answer Stats
Hint Answer % Correct
Name of his grandfather, who was also President William Henry Harrison
94%
Political party (as President) Republican
93%
President who preceded and succeeded him Grover Cleveland
92%
State of his birth Ohio
84%
At 5'6" tall, he was the second-shortest President. Who was the shortest at 5'4"? James Madison
83%
Small island in New York that becomes the main entry for foreigners entering the U.S. {Ellis} Island
73%
A tax imposed by a government on imports or exports of goods, which Harrison raised plenty of during his term Tariff
73%
New states admitted to the Union North Dakota
70%
New states admitted to the Union South Dakota
70%
New states admitted to the Union Washington
70%
New states admitted to the Union Montana
69%
He was also the last President to wear this A beard
68%
His great-grandfather was a founding father who signed this important document Declaration of Independence
68%
New states admitted to the Union Idaho
68%
New states admitted to the Union Wyoming
66%
His home state Indiana
64%
Diplomatic crisis occurred when U.S. sailors were attacked in this South American country Chile
57%
Major Native American conflict takes place here in South Dakota Wounded Knee
51%
Name of his first wife (starts with C) Caroline
40%
His Vice President Levi P. Morton
30%
No matching quizzes found
Score Distribution
Percent of People with Each Score
Percentile by Number Answered
Your Score History
You have not taken this quiz